Traditional Architecture House from of the Islamic Community of Bohras in Gujarat (Record no. 2489)
[ view plain ]
| 000 -LEADER | |
|---|---|
| fixed length control field | 00323nam a2200109Ia 4500 |
| 008 - FIXED-LENGTH DATA ELEMENTS--GENERAL INFORMATION | |
| fixed length control field | 200302s9999 xx 000 0 und d |
| 100 ## - MAIN ENTRY--PERSONAL NAME | |
| Personal name | Madhavi Desai |
| 245 ## - TITLE STATEMENT | |
| Title | Traditional Architecture House from of the Islamic Community of Bohras in Gujarat |
| 260 ## - PUBLICATION, DISTRIBUTION, ETC. | |
| Name of publisher, distributor, etc. | Design directions Pvt. Ltd. |
| 260 ## - PUBLICATION, DISTRIBUTION, ETC. | |
| Date of publication, distribution, etc. | 2007 |
| 300 ## - PHYSICAL DESCRIPTION | |
| Extent | 120 P., |
| Withdrawn status | Lost status | Damaged status | Not for loan | Permanent Location | Current Location | Date acquired | Cost, normal purchase price | Full call number | Barcode | Date last seen | Price effective from | Koha item type |
|---|---|---|---|---|---|---|---|---|---|---|---|---|
| BMS College of Architecture, Design and Planning | BMS College of Architecture, Design and Planning | 2020-03-03 | 1750.00 | 728.095475 | CL-UG48933 | 2020-03-03 | 2020-03-03 | UG Books from CL |